Quiz de San Marino - Statistics

Estatísticas Gerais
  • Esse quiz foi jogado 709 vezes
  • A pontuação média é 7 de 12
Estatísticas das Respostas
Dica Resposta % Correto
Único país fazendo fronteira com San Marino Itália
97%
Capital San Marino
95%
Moeda oficial Euro
89%
Piloto brasileiro de Fórmula 1 que morreu no Grande Prémio de San Marino de 1994 (que não foi realizado em San Marino) Ayrton Senna
82%
País que ocupou San Marino em 1944 Alemanha
72%
Ramo do Cristianismo que mais de 90% da população faz parte Catolicismo
72%
Ideologia do partido que governou San Marino entre 1923-1943 Fascismo
44%
Cordilheira onde San Marino está Apeninos
23%
San Marino é dividido em 9 municípios que também são conhecidos como _______ (começa com C) Castelli
23%
Existem três destes no brasão de armas de San Marino Torres
23%
Maior cidade Dogana
20%
Pico mais alto, 739 metros acima do nível do mar Monte {Titano}
18%
Nenhum quiz correspondente encontrado
Distribuição das Pontuações
Porcentagem de Pessoas com Cada Pontuação
Percentil de Números Respondidos
Sua Pontuação Histórica
Você não jogou esse quiz